Tekst piosenki Last Christmas - Wham - Statystyki

Ogólne statystyki
  • Ten quiz został rozwiązany 565 razy
  • Średni wynik to 11 z 20
Statystyki odpowiedzi
Tekst % Poprawnych
Last {Christmas} I gave you my heart
100%
But the very next {day} you gave it away
97%
This {year}, to save me from tears
97%
I'll give it to someone {special}
96%
Tell me {baby}, do you recognize me?
81%
I keep my distance, but you still catch my {eye}
76%
Once bitten and {twice} shy
66%
Well, it's been a year, it doesn't {surprise} me
60%
Now I know what a {fool} I've been
51%
With a note saying {I} {love} {you}, I meant it
50%
Me? I guess I was a shoulder to {cry} on
48%
But if you {kissed} me now, I know you'd fool me again
47%
A face on a {lover} with a fire in his heart
43%
You'll {never} fool me again
42%
A man {under cover}, but you tore me apart
38%
Oh, oh now I've found a {real} love
36%
My {God}, I thought you were someone to rely on
30%
I'm hiding from you and your {soul} of ice
24%
A crowded room, {friends} with tired eyes
21%
{Happy} {Christmas}, I wrapped it up and sent it
21%
Nie znaleziono quizów pasujących do podanych kryteriów
Rozkład punktacji
Procent ludzi z każdym wynikiem
Percentyl według liczby udzielonych odpowiedzi
Twoja historia wyników
Nie rozwiązałeś tego quizu